Villes de France - Carte Quiz désordre - Statistiques

Statistiques générales
  • Ce quiz a été pris 148 fois
  • Le résultat moyen est 14 sur 16
Réponses sur la Carte
Les réponses sont colorées sur une échelle allant du rouge au vert en fonction du pourcentage des utilisateurs qui les ont devinées à leur premier essai. Vous pouvez retrouver ces pourcentages ci-dessous.
 
Statistiques - réponses
Réponse % Correct
Paris
94%
Strasbourg
94%
Ajaccio
92%
Bordeaux
92%
Nice
92%
Lyon
91%
Toulouse
91%
Marseille
90%
Le Havre
88%
Calais
87%
Brest
86%
Rennes
85%
Limoges
84%
Dijon
81%
Nantes
81%
Tours
76%
Aucun quiz correspondant
Distribution des résultats
% des personnes avec chaque résultat
Percentile par nombre de réponses
Votre historique - résultats
Vous n’avez pas pris ce quiz